LEADER 01671nam a2200361 u 4500 001 000000090847 003 CaOOAMICUS 005 20240611132450.0 008 051221s1970 it u000 u ita u 032 $aLibriCat 035 $a11073554 040 $aPUL(R)$bita 041 1 $aita$hger 100 1 $aRahner, Karl,$cS.I.,$d1904-1984.$0(OLS)http://pul/name/3587 240 10$aHandbuch der Pastoraltheologie.$lItaliano.$0(OLS)http://pul/title/117309 245 10$aChiesa, uomo e societą /$cKarl Rahner, Uta Ranke-Heinemann, Norbert Greinacher. 260 $aRoma :$bHerder ;$aBrescia :$bMorcelliana,$cc1970. 300 $a111 p. ;$c22 cm 490 1 $aStudi di teologia pastorale ;$v6 504 $aBibliografia: p. 103-107. 650 4$aChiesa e societą.$0(OLS)http://pul/subject/2506 650 4$aEducazione sessuale.$0(OLS)http://pul/subject/10126 700 1 $aGreinacher, Norbert,$d1931-2022.$0(OLS)http://pul/name/31284 700 1 $aRanke Heinemann, Uta.$0(OLS)http://pul/name/39171 830 0$aStudi di teologia pastorale (Herder - Morcelliana) ;$v6.$0(OLS)http://pul/title/116963 850 $aPUL 852 $aPUL$W1$xDP1 Fondo Pastorale$y55$mP20 A 5$j114566$nBK-PRI$b $qFondi$B114566$CPULBib$Z2$F114566 $HPUL2396 $81 852 $aPUL$W1$xDP1 Fondo Bordoni$y120$m3 M 70$j168086$qFondi$B176649$CPULBib$Z2$F176649 $HBor657 $81 941 1 $a1 996 $6245$aChiesa, uomo e societą$9(OLS)http://pul/title/117310 996 $6260$aRoma :$bHerder$9(OLS)http://pul/publisher/47913 996 $6260$aBrescia :$bMorcelliana$9(OLS)http://pul/publisher/47854 LEADER 01626namaa2200397 i 4500 001 000000178475 003 CaOOAMICUS 005 20260210093910.0 007 tu 008 260210s1999 it o 000 u ita r 020 $a88-8016-345-0* 040 $aPUL$bita$erda 082 0 $a708 245 13$aIl museo ritrovato : $barcheologia /$c[Carabinieri Tutela Patrimonio Artistico]. 246 01$aThe museum retrieved : archaeology 264 4$c©1999. 264 1$aRoma :$bDe Luca,$c[1999] 300 $a150 pagine :$bfotografie;$c31 cm 336 $atesto$btxt$2rdacontent 337 $asenza mediazione$bn$2rdamedia 338 $avolume$bnc$2rdacarrier 500 $aTesto in italiano e in inglese. 500 $aTrad. di Peter Spring. 650 4$aPatrimonio culturale$xTutela.$0(OLS)http://pul/subject/34803 700 1 $aACEA$bSpA,$esponsor.$0(OLS)http://pul/name/114786 710 1 $aItalia.$bComando carabinieri tutela patrimonio culturale$eproduttore.$0(OLS)http://pul/name/114785 850 $aPUL 852 $aPUL$W1$xDP1 Fondo Liberati$y125$m5 B 1$j8953$qFondi$B207590$CPULBib$Z2$F207590 $HLib315 $82 941 1 $a1 996 $6020$a88-8016-345-0*$9(OLS)http://pul/number/170859 996 $6082$a708$9(OLS)http://pul/classification/1749 996 $6245$aIl museo ritrovato : $barcheologia$9(OLS)http://pul/title/220061 996 $6246$aThe museum retrieved : archaeology$9(OLS)http://pul/title/220062 996 $6264$aRoma :$bDe Luca$9(OLS)http://pul/publisher/49810 996 $6264$a[S.l.] :$b[s.n.]$9(OLS)http://pul/publisher/0